Carbon sequestration in dryland soils

Сохранить в:
Библиографические подробности
Формат:
Язык:Undetermined
Опубликовано: Rome FAO 2004
Предметы:
Метки: Добавить метку
Нет меток, Требуется 1-ая метка записи!
Thư viện lưu trữ: Trung tâm Học liệu Trường Đại học Cần Thơ
LEADER 00402nam a2200157Ia 4500
001 CTU_93098
008 210402s9999 xx 000 0 und d
082 |a 631 
082 |b C264 
245 0 |a Carbon sequestration in dryland soils 
260 |a Rome 
260 |b FAO 
260 |c 2004 
650 |a Soil science 
904 |i Mai Loan, QHieu 
980 |a Trung tâm Học liệu Trường Đại học Cần Thơ